000 00601nam a2200193Ia 4500
008 230921s9999||||xx |||||||||||||| ||und||
020 _a978-3-030-22393-9
022 _a2543-0068
041 _aEN
100 _aNaoko Horii
245 0 _aBreastfeeding in Rural Niger
250 _a1st ed. 2019
260 _c2019
_bSpringer International Publishing
300 _b12
440 _aDemographic Transformation and Socio-Economic Development
856 _uhttps://doi.org/10.1007/978-3-030-22393-9
856 _uhttps://link.springer.com/openurl?genre=book&isbn=978-3-030-22393-9
942 _cEB
999 _c261293
_d261293